| 000 | 00518nam a2200181Ia 4500 | ||
|---|---|---|---|
| 999 |
_c28982 _d28982 |
||
| 003 | OSt | ||
| 005 | 20201130130458.0 | ||
| 008 | 190216s9999||||xx |||||||||||||| ||und|| | ||
| 020 | _a9788182643710 | ||
| 040 | _coclc | ||
| 082 |
_a894.8123 _bSAH/S |
||
| 100 |
_aSahala, P V _97041 |
||
| 245 | 0 |
_aSaamaantharikam / _cP V Sahala |
|
| 260 |
_bMathrubhumi Printing & publishing, _aKozhikode: _c2007. |
||
| 300 | _a124p | ||
| 650 | _aMalayalam | ||
| 942 |
_cBK _2ddc _h894.8123 _iSAH/S _k894.8123 _mSAH/S |
||